On This Day: September 26th II Quiz Stats

 Plays Quiz Updated Sep 26, 2018

Score 0/7 Timer 03:00
0 Plays Today
Question Answer Wrong Answers
While surrendering to authorities, gangster Machine Gun Kelly allegedly shouts ‘Don't shoot, G-Men!’, which becomes a nickname specifically used for ______ agents.
1933
FBI
88.2%
DEA
2.7%
ATF
3.6%
Secret Service
5.6%
This nation announces plans to overturn its ban on women driving, becoming the last country in the world to do so.
2017
Saudi Arabia
85.9%
North Korea
2%
Iran
9.3%
Egypt
1.8%
Anti-globalization protests in this Czech capital city turn violent during the IMF and World Bank summits.
2000
Prague
84.9%
Budapest
6.8%
Vienna
3.9%
Kraków
3.5%
Australia II wins the ______, ending the New York Yacht Club’s 132-year domination of the race.
1983
America’s Cup
82.8%
Ryder Cup
7.8%
Davis Cup
6.9%
Open Championship
1.7%
This American tennis player, the only tennis player to have won ten Grand Slam singles titles in two separate decades, is born.
1981
Serena Williams
79.9%
Martina Hingis
2%
Steffi Graf
13.6%
Monica Seles
3.9%
This American sitcom created by Sherwood Schwartz, starring Bob Denver as the title character, debuts on CBS.
1964
Gilligan's Island
79.2%
The Brady Bunch
5.7%
The Andy Griffith Show
5.1%
Hogan's Heroes
9.7%
This album by The Beatles, which features songs like ‘Come Together’ and ‘Here Comes the Sun’, is released.
1969
Abbey Road
72.1%
Help!
11.6%
Please Please Me
2.2%
A Hard Day's Night
13.7%

You're not logged in!

Compare scores with friends on all Sporcle quizzes.
OR
Log In

Sporcle TV

Today on Sporcle TV


Watch our educational content, quiz creation guides, and fun videos on Sporcle TV.

Show Comments

Extras

Top Quizzes Today


Score Distribution

Your Account Isn't Verified!

In order to create a playlist on Sporcle, you need to verify the email address you used during registration. Go to your Sporcle Settings to finish the process.

Report this User

Report this user for behavior that violates our Community Guidelines.

Details: